000 00452nam a2200169 4500
001 110074
003 ES-MaACL
005 20230906184954.0
007 t|
008 061121s19711973sp r ||||1| spa d
100 1 _aMoix, Terenci.
_981822
245 1 0 _aHollywood Stories /
_cTerenci Moix.
260 _aBarcelona :
_bLumen,
_c1971-73.
300 _a2 v., 3 lám. ;
_c19 cm.
505 8 _aSon los tomos 1 y 2
852 _aES-MaACL
_jP-1861
_bR.80031
999 _c110074
_d110074